00387 a2200109 4500001001000000005001700010008004100027245010400068100002500172773006300197999001700260ART_1129620260410161856.0260409a 10aEl modelo económico de la Generación del Ochenta y su versión actualizada cien años despues1 aFrediani, Ramón O.0 tRevista de Economíag- Nº 29 (ene./sep. 1981)wREV11077 c25439d25439